01019nam a22002657a 45000010005000000030006000050050017000110080041000280200018000690400029000870500010001160820012001261000017001382450089001552600039002443000043002834900023003265050008003495200269003575210020006265210020006466500023006667000032006897000032007215073FISKH20241105082109.0241105b cb ||||| |||| 00| 0 eng d a9781407104270 aFISKHbengcFISKHdFISKH aPS430 a985.019 aDeary, Terry aThe Incredible Incas /cby Terry Deary : illustrated by Martin Brown & Philip Reeve  aNew York : bScholastic ;c2000 .  a139 pages : billustrations ;c21 cm . aHorrible Histories aT  aIt's history with the nasty bits left in! Want to know. Why llamas wore earrings and drank beer? How a bucket of stewed pee can make you beautiful? Why servants ate the emperor's hair? Discover all the foul facts about the Incredible Incas - all the gore and more!8 a800 bLexile 8 aT bRaz-Plus  aIncasvnon-fiction aBrown, Martineillustrator  aReeve, Philipeillustrator